All about you / (Record no. 3359)

MARC details
000 -LEADER
fixed length control field 00887nam a22002537a 4500
005 - DATE AND TIME OF LATEST TRANSACTION
control field 20240304102046.0
020 ## - INTERNATIONAL STANDARD BOOK NUMBER
International Standard Book Number 9780590469883
040 ## - CATALOGING SOURCE
Original cataloging agency DLC
Transcribing agency DLC
Description conventions amim
Language of cataloging eng
050 00 - LIBRARY OF CONGRESS CALL NUMBER
Classification number PE1449.A53
082 ## - DEWEY DECIMAL CLASSIFICATION NUMBER
Classification number 428.1
100 ## - MAIN ENTRY--PERSONAL NAME
Personal name Catherine
245 00 - TITLE STATEMENT
Title All about you /
Statement of responsibility, etc. by Catherine and Laurence Anbolt
250 ## - EDITION STATEMENT
Edition statement First published in Great Britain in 1991
260 ## - PUBLICATION, DISTRIBUTION, ETC.
Place of publication, distribution, etc. New York :
Date of publication, distribution, etc. 1991
Name of publisher, distributor, etc. Scholastic ,
300 ## - PHYSICAL DESCRIPTION
Extent 30 unumbered pages :
Other physical details color illustrations ;
Dimensions 26 cm .
505 ## - FORMATTED CONTENTS NOTE
Formatted contents note G <br/>
520 ## - SUMMARY, ETC.
Summary, etc. When you wake up in the morning, how do you feel? Happy, tired, sad? Noisy, quiet, glad? This book invites very young children to think and talk about themselves and their world.
521 ## - TARGET AUDIENCE NOTE
Target audience note 370 <br/>
Source Lexile <br/>
521 ## - TARGET AUDIENCE NOTE
Target audience note G <br/>
Source Raz-Plus <br/>
650 ## - SUBJECT ADDED ENTRY--TOPICAL TERM
Topical term or geographic name entry element feelings
Form subdivision Fiction
906 ## - LOCAL DATA ELEMENT F, LDF (RLIN)
a 0
b ibc
c orignew
d u
e ncip
f 19
g y-movingim
942 ## - ADDED ENTRY ELEMENTS (KOHA)
Source of classification or shelving scheme Dewey Decimal Classification
Koha item type Books
Suppress in OPAC No
999 ## -
-- 3359
-- 3359
Holdings
Withdrawn status Lost status Source of classification or shelving scheme Damaged status Not for loan Collection Home library Current library Shelving location Date acquired Total Checkouts Full call number Barcode Date last seen Date last checked out Copy number Price effective from Koha item type
    Dewey Decimal Classification     Juvenile Fiction Footprints International School Library Network Toul Kork Campus Footprints International School Library Network Toul Kork Campus TK Primary Library Room(4th Floor), Bookcase 7, Shelves 57-60, Dark Green Books 01/27/2025   CAT 428.1 PE1449.A53 FISBK05851 01/27/2025   2 01/27/2025 Books
    Dewey Decimal Classification     Juvenile Fiction Footprints International School Library Network Toul Kork Campus Footprints International School Library Network Toul Tom Poung Campus   02/29/2024 3 CAT 428.1 PE1449.A53 FISTK00733 01/14/2026 08/05/2025 1 02/29/2024 Books